Cities of Clay County, Iowa - Statistics

General Stats
  • This quiz has been taken 42 times
  • The average score is 6 of 10
Answer Stats
Cities % Correct
2 Everly
100%
1 Spencer
100%
6 Dickens
75%
7 Webb
75%
5 Fostoria
50%
10 Gillett Grove
50%
4 Peterson
50%
9 Rossie
50%
3 Royal
50%
8 Greenville
25%
No matching quizzes found
Score Distribution
Percent of People with Each Score
Percentile by Number Answered
Your Score History
You have not taken this quiz